Semester im Ausland: Die beliebstesten Ziele - Statistiken

Allgemein
  • Dieses Quiz wurde 87 mal gespielt
  • Das Durchschnittsergebnis liegt bei 8 aus 10
Antwortstatistiken
Rang Land % Korrekt
1 Spanien
99%
2 Frankreich
98%
5 Italien
95%
9 Portugal
92%
8 Niederlande
88%
7 Norwegen
87%
4 Schweden
87%
6 Finnland
73%
10 Irland
69%
3 Großbritannien
52%
Keine übereinstimmenden Quizze gefunden
Verteilung der Resultate
Anzahl Personen mit jedem Resultat
Perzentil nach korrekt beantworteten Fragen
Ihre Resultats-Entwicklung
Sie haben dieses Quiz noch nicht gespielt